Statistics for History Quiz #2

Click here to take the quiz!

General Stats

  • This quiz has been taken 35 times
  • The average score is 15 of 30

Answer Stats

HintAnswer% Correct
Who Painted The Mona Lisa?Leonardo Davinci
97%
Who Painted The Sistine Chapel?Michelangelo
93%
An Asp Bit And Killed What Egyptian Queen?Cleopatra
86%
The Assassination Of Who Started WWI?Franz Ferdinand
86%
Who Was The First President Of The U.S.A?George Washington
83%
Who Cut His Ear Off And Sent It To A Woman?Vincent Van Gogh
76%
Hitler Was Born In What Country?Austria
72%
Who Was The Emperor Of Japan In WWII?Hirohito
72%
Germany Nor France Could Conquer This Country.Russia
69%
Who Was The Greek Philosopher Who Taught Aristotle?Socrates
69%
What Notorious Gangster Is Imprisoned In Alcatraz?Al Capone
66%
What Animal Did We Supposedly Evolve From?Chimpanzee
66%
Haiti Was Conquered By What Country?France
59%
What Is The U.S.A's National Anthem?The Star Spangled Banner
55%
Who Said "We Want You!"?Uncle Sam
55%
The _____ Missile CrisisCuban
52%
Who Wrote "The Idles Of March"?Julius Caesar
48%
Who Wrote Eine Kleine Nachtmusik?Mozart
41%
The Ottoman Empire Is Now Called ______?Turkey
41%
What Killed The Dinosaurs?A Meteor
31%
What Was A Derogatory Term For The British In The American Revolution?Red Coats
31%
Confucius Invented What Religion?Confucianism
28%
Who Was The Leader Of The Zulu Tribe?Shaka Zulu
28%
What Year Was The Magna Carta Signed?1215
24%
What Group Assassinated The Above?The Black Hand
24%
The Great Wall Of China Was To Keep What Group Out?The Mongolians
24%
Who Built The Panama Canal?Theodore Roosevelt
21%
Who Are The 3 B's Of Classical Music?Bach Brahms And Beethoven
10%
What Was The Period Between WWI And WWII In America?The Roaring 20's
10%
What Was The Deadliest Battle In WWII?The Battle Of Stalingrad
3%

Score Distribution

Percentile by Number Answered

Percent of People with Each Score

Your Score History

You have not taken this quiz